|
|
|
|
| LEADER |
00861nam a2200241 a 4500 |
| 001 |
00016332 |
| 008 |
110111s2004 cn b 000 1 eng d |
| 020 |
|
|
|a 8131500187
|
| 020 |
|
|
|a 0176224599
|
| 040 |
|
|
|a DLC
|c DLC
|d DLC
|c BD-DhAAL
|
| 082 |
0 |
0 |
|a 658.3
|2 22
|
| 100 |
1 |
|
|a McBey, Kenneth James.
|
| 245 |
1 |
0 |
|a Strategic human resources planning /
|c Kenneth James McBey and Monica Belcourt
|
| 250 |
|
|
|a 2nd ed.
|
| 260 |
|
|
|a Toronto :
|b Nelson,
|c 2004
|
| 300 |
|
|
|a xxii, 378 p. ;
|c 25 cm.
|
| 490 |
0 |
|
|n elson series in human resources management
|
| 541 |
1 |
|
|e 00016332
|
| 650 |
|
0 |
|a Manpower planning.
|
| 700 |
1 |
|
|a Belcourt, Monica.
|
| 852 |
4 |
|
|a Ayesha Abed Library
|j General shelf
|
| 999 |
|
|
|c 10292
|d 10292
|
| 952 |
|
|
|0 0
|1 0
|2 ddc
|4 1
|6 658_300000000000000_MCB
|7 0
|9 13758
|a BRACUL
|b BRACUL
|c SPS
|d 2011-01-11
|l 23
|m 113
|o 658.3 MCB
|p 3010016332
|r 2019-09-29
|s 2019-09-22
|t 1
|w 2011-01-11
|y BK
|